| 000 | 00836nam a22002777a 4500 | ||
|---|---|---|---|
| 005 | 20230512223109.0 | ||
| 008 | 180425t xxu||||| |||| 00| 0 eng d | ||
| 020 | _a9789351150855 | ||
| 040 | _cCSPC | ||
| 082 | 0 |
_a647.94068 _bF928 |
|
| 245 | 0 | 0 | _aFront office management |
| 260 |
_aUAE : _b3G eLearning _c2014. |
||
| 300 |
_avi, 222 pages : _c23 cm. + _bimages ; _e1 computer disc |
||
| 336 |
_2rdacontent _atext |
||
| 337 |
_2rdamedia _aunmediated |
||
| 337 |
_2rdamedia _acomputer |
||
| 338 |
_2rdacarrier _avolume |
||
| 338 |
_2rdacarrier _acomputer disc |
||
| 500 | _aIncludes bibliographical references. | ||
| 650 | 1 | 0 | _aHotel front desk personnel. |
| 650 | 1 | 0 | _aHotel management. |
| 940 | _a123 | ||
| 942 |
_cBOOK _jCIR 647.94068 F928 2014 |
||
| 999 |
_c8614 _d8614 |
||